Marvel Cinematic Universe (MCU) - Filme - Statistiken

Allgemein
  • Dieses Quiz wurde 12.123 mal gespielt
    1.678 seit der letzten Aktualisierung
  • Das Durchschnittsergebnis liegt bei 25 aus 39
Antwortstatistiken
Jahr Film % Korrekt
2008 Iron Man
96%
2010 Iron Man 2
92%
2019 Avengers : Endgame
91%
2008 Der unglaubliche Hulk
90%
2013 Iron Man 3
90%
2012 Marvel’s The Avengers
89%
2011 Captain America: The First Avenger
88%
2011 Thor
85%
2018 Avengers : Infinity War
82%
2015 Avengers : Age of Ultron
77%
2016 The First Avenger: Civil War
77%
2017 Thor: Tag der Entscheidung
77%
2013 Thor – The Dark Kingdom
77%
2015 Ant-Man
75%
2019 Spider-Man : Far From Home
72%
2014 Guardians of the Galaxy
70%
2021 Spider-Man : No Way Home
70%
2022 Thor : Love and Thunder
70%
2021 Black Widow
68%
2016 Doctor Strange
68%
2018 Ant-Man and the Wasp
67%
2014 The Return of the First Avenger
67%
2017 Guardians of the Galaxy Vol. 2
66%
2017 Spider-Man : Homecoming
64%
2018 Black Panther
63%
2023 Guardians of the Galaxy Vol. 3
61%
2022 Doctor Strange in the Multiverse of Madness
58%
2022 Black Panther : Wakanda forever
56%
2019 Captain Marvel
56%
2023 Ant-Man and the Wasp : Quantumania
49%
2025 Captain America Brave New World
40%
2021 Eternals
33%
2025 The Fantastic Four: First Steps
32%
2024 Deadpool & Wolverine
30%
2021 Shang-Chi and the Legend of the Ten Rings
29%
2026 Avengers : Doomsday
28%
2025 Thunderbolts*
27%
2023 The Marvels
26%
2026 Spider-Man : Brand New Day
22%
Keine übereinstimmenden Quizze gefunden
Verteilung der Resultate
Anzahl Personen mit jedem Resultat
Perzentil nach korrekt beantworteten Fragen
Ihre Resultats-Entwicklung
Sie haben dieses Quiz seit der letzten Aktualisierung nicht gespielt